Interactions access : listening/speaking

保存先:
書誌詳細
第一著者: Thrush, Emily Austin
フォーマット: 図書
言語:Undetermined
出版事項: New York McGraw-Hill 2007
主題:
タグ: タグ追加
タグなし, このレコードへの初めてのタグを付けませんか!
Thư viện lưu trữ: Trung tâm Học liệu Trường Đại học Cần Thơ
LEADER 00774nam a2200229Ia 4500
001 CTU_197780
008 210402s9999 xx 000 0 und d
020 |c 149000 
082 |a 428.0071 
082 |b I.61 
100 |a Thrush, Emily Austin 
245 0 |a Interactions access : 
245 0 |b listening/speaking 
245 0 |c Emily Austin Thrush, Laurie Blass, Robert Baldwin. 
260 |a New York 
260 |b McGraw-Hill 
260 |c 2007 
650 |a English language,English language,Listening 
650 |x textbooks for foreign speakers.,spoken English 
904 |i Năm, H.Mai chuyển số PL về 428.0071, mã hóa cutter theo tên sách dùng cho cả bộ 
915 |a 400 
980 |a Trung tâm Học liệu Trường Đại học Cần Thơ